000 00580nam a2200205Ia 4500
001 9754
003 GE_BSU
008 181216s||||||||xx |||||||||||||| ||und||
040 _cGE_BSU
080 _a821.353.1-1
100 _aნონეშვილი,იოსებ
245 _aლექსები
245 _cრედ.ნ.ხომერიკი. მხატვ.ს.ცინცაძე
260 _aთბილისი
260 _bმერანი
260 _c1974
300 _a216გვ;17 სმ.
653 _aლექსები
942 _cBK
999 _c43034
_d43034